Vyšetrovanie možnosti iniciácie požiaru osvetľovacími telesami

Salvato in:
Dettagli Bibliografici
Autore principale: Hajduová, Erika (Autore)
Altri autori: Hrušovský, Ivan (Relatore della tesi)
Natura: Manoscritto Libro
Lingua:slovacco
Pubblicazione: 2015
Soggetti:
Accesso online:http://is.stuba.sk/zp/portal_zp.pl?podrobnosti=96394
Tags: Aggiungi Tag
Nessun Tag, puoi essere il primo ad aggiungerne!!

MARC

LEADER 00000ntm a22000003a 4500
001 stuzp52156
003 SK-STU
005 20160719154059.6
007 ta
008 150427s2015----xo-----f-mn---000-0-slo-d
040 |a STU  |b slo 
041 0 |a slo 
100 1 |a Hajduová, Erika  |u 065000  |4 aut  |U MTF Materiálovotechnologická fakulta  |T MTF Ústav bezpečnosti, environmentu a kvality  |X 46971  |U M5000  |Y 85  |7 46971 
242 0 1 |a Investigation of the possibility of fire by lighting equipment  |y eng 
245 1 0 |a Vyšetrovanie možnosti iniciácie požiaru osvetľovacími telesami 
260 |c 2015 
650 4 |a wolfrámová žiarovka  |2 slo 
650 4 |a požiar  |2 slo 
650 4 |a úsporná žiarivka  |2 slo 
650 4 |a dynamika požiaru  |2 slo 
650 4 |a iniciácia požiaru  |2 slo 
650 4 |a rozvoj požiaru  |2 slo 
650 4 |a príčiny vzniku požiaru  |2 slo 
650 4 |a osvetľovacie teleso  |2 slo 
650 4 |a tungsten bulb  |2 eng 
650 4 |a energy saving lamp  |2 eng 
650 4 |a fire dynamics  |2 eng 
650 4 |a fire  |2 eng 
650 4 |a fire initiation  |2 eng 
650 4 |a fire progression  |2 eng 
650 4 |a fire causes  |2 eng 
650 4 |a fixture  |2 eng 
700 1 |a Hrušovský, Ivan  |4 ths  |X 32999  |7 A000032999 
856 4 |u http://is.stuba.sk/zp/portal_zp.pl?podrobnosti=96394 
996 |c M* BP-7463  |l MMSKP  |s P  |a 0  |w stuzp52156_0001 
SQL |a stuzp52156  |b DBP  |c SLO  |d Vyšetrovanie možnosti iniciácie požiaru osvetľovacími telesami  |e 46971  |f Hajduová, Erika  |g 065000  |h 32999  |i Hrušovský, Ivan  |j 20150623  |k 169  |l 06  |m http://is.stuba.sk/zp/portal_zp.pl?podrobnosti=96394  |n B-BOZ  |o 8.3.5. bezpečnosť a ochrana zdravia pri práci